00605 2200229 4500001002100000005001700021008004100038020001700079035002500096082001200121090002100133100002300154245004000177250001100217260003500228300003000263500002900293650001100322850001200333990001500345990001500360YOGYA-0209000003580820150701143754.0 ind  a979-89-000-6 a0010-020900000035808 a634.651 aT 634.651bKal B aKalie, Mochd, Baga aBertanam pepayac/ Mochd Baga Kalie aCet. 9 aJakartabPenebar Swadayac1994 a47 hlm. :bilus. ;c21 cm aBibliografi : hlm. 46-47 aPepaya aYOPDYOG a57811-P/95 a57812-P/95